[Event "Heart of Finland op 30th"]
[Site "Jyvaskyla"]
[Date "2022.07.19"]
[Round "3"]
[White "Nagy, Gabor"]
[Black "Paakkonen, Timo"]
[Result "1-0"]
[WhiteElo "2500"]
[BlackElo "2226"]
[PlyCount "111"]
[EventDate "2022.07.18"]
[EventType "swiss"]
[EventRounds "9"]
[EventCountry "FIN"]
[SourceTitle "CBM 209 Extra"]
[Source "ChessBase"]
[SourceDate "2022.09.30"]
[SourceVersion "1"]
[SourceVersionDate "2022.09.30"]
[SourceQuality "1"]

1. d4 Nf6 2. c4 g6 3. g3 Bg7 4. Bg2 0-0 5. Nc3 d6 6. Nf3 a6 7. 0-0 Nc6 8. d5 Na5 9. b3 c5 10. dxc6 Nxc6 11. Bd2 Rb8 12. Rc1 Bd7 13. Ne1 Kh8 14. Nd3 Bf5 15. Nf4 e5 16. Nfd5 Nxd5 17. Nxd5 Qd7 18. a4 Bh3 19. Nb6 Qe6 20. Bxh3 Qxh3 21. Bc3 Rbd8 22. Qd5 f5 23. Rcd1 e4 24. Bxg7+ Kxg7 25. f4 exf3 26. Qxf3 Rfe8 27. Nd5 Ne5 28. Qc3 g5 29. Ne3 f4 30. gxf4 gxf4 31. Rxf4 Kh8 32. Kh1 Qh5 33. Ng4 Qg5 34. Qd4 Rg8 35. Rg1 Rg7 36. Rg3 Qe7 37. Re4 Qc7 38. Nxe5 dxe5 39. Qxe5 Qxe5 40. Rxe5 Rf7 41. Kg2 Rdf8 42. Rf3 Rg8+ 43. Kf2 Rc7 44. Ref5 Re8 45. Rf8+ Rxf8 46. Rxf8+ Kg7 47. Rf5 Rc6 48. Rf3 Re6 49. Ke1 Kg6 50. Kd2 h5 51. Re3 Rd6+ 52. Kc3 Kf5 53. a5 Kf4 54. Re7 b6 55. axb6 Rxb6 56. c5 1-0

[Event "Helsinki MatSK op"]
[Site "Helsinki"]
[Date "2020.02.23"]
[Round "7"]
[White "Paakkonen, Timo"]
[Black "Arstila, Petteri"]
[Result "1/2-1/2"]
[WhiteElo "2216"]
[BlackElo "2061"]
[PlyCount "163"]
[EventDate "2020.02.21"]
[EventType "swiss"]
[EventRounds "7"]
[EventCountry "FIN"]
[SourceTitle "CBM 195 Extra"]
[Source "ChessBase"]
[SourceDate "2020.05.31"]
[SourceVersion "1"]
[SourceVersionDate "2020.05.31"]
[SourceQuality "1"]

1. e4 e5 2. Nf3 Nc6 3. Bb5 a6 4. Ba4 Nf6 5. 0-0 Be7 6. Re1 b5 7. Bb3 d6 8. c3 0-0 9. h3 Bb7 10. d4 Qd7 11. Nbd2 Rad8 12. a4 exd4 13. axb5 axb5 14. cxd4 Ra8 15. Rxa8 Bxa8 16. e5 dxe5 17. dxe5 Nd5 18. Ne4 Ncb4 19. Neg5 c5 20. Nxf7 Qf5 21. e6 c4 22. Nd4 Qg6 23. Ne5 Qb1 24. Bc2 Nxc2 25. Qxc2 Qxc2 26. Nxc2 Nf4 27. Bxf4 Rxf4 28. g3 Re4 29. Rxe4 Bxe4 30. Nd4 Bf6 31. e7 Bxe7 32. Nxb5 Bd5 33. Nc7 Bd6 34. Nxd5 Bxe5 35. Nc3 Kf7 36. f4 Bd4+ 37. Kg2 Ke6 38. Kf3 g6 39. Ke4 Bg7 40. g4 Bf6 41. Na4 Bg7 42. f5+ gxf5+ 43. gxf5+ Kd6 44. Nb6 c3 45. bxc3 Bxc3 46. Nd5 Bb2 47. Nf4 Ke7 48. Nh5 Kf7 49. Kf4 Bc1+ 50. Ke5 Bb2+ 51. Ke4 Bc1 52. Kf3 Bb2 53. Kg4 Bc1 54. Nf4 Kf6 55. Ne2 Be3 56. Ng3 Bc1 57. h4 Kf7 58. Ne4 Be3 59. Ng5+ Kg7 60. Kf3 Bc1 61. Ke4 Bb2 62. Kd5 Kf6 63. Ke4 Kg7 64. Nf3 Kf6 65. Nh2 Bc3 66. Ng4+ Kf7 67. Kf4 Bd2+ 68. Kf3 Bc1 69. Nf2 Kf6 70. Kg4 Be3 71. Ne4+ Kf7 72. f6 Ke6 73. Kh5 Bc1 74. Ng5+ Kxf6 75. Nxh7+ Kg7 76. Ng5 Bxg5 77. hxg5 Kh7 78. g6+ Kg7 79. Kg5 Kg8 80. Kf6 Kf8 81. g7+ Kg8 82. Kg6 1/2-1/2

[Event "EU-ch blitz"]
[Site "Tallinn"]
[Date "2019.12.07"]
[Round "18"]
[White "Paakkonen, Timo"]
[Black "Putka, Verner"]
[Result "1-0"]
[WhiteElo "2216"]
[BlackElo "2448"]
[PlyCount "28"]
[EventDate "2019.12.07"]
[EventType "swiss (blitz)"]
[EventRounds "22"]
[EventCountry "EST"]
[SourceTitle "CBM 193 Extra"]
[Source "ChessBase"]
[SourceDate "2020.01.31"]
[SourceVersion "1"]
[SourceVersionDate "2020.01.31"]
[SourceQuality "1"]

1. e4 e5 2. Nc3 Nf6 3. f4 d5 4. fxe5 Nxe4 5. Nf3 Bc5 6. d4 Bb4 7. Bd2 Nxd2 8. Qxd2 Bg4 9. Be2 c6 10. 0-0 Nd7 11. Ng5 Be6 12. Nxe6 fxe6 13. Bg4 g6 14. a3 Qe7 1-0

[Event "Heart of Finland op 29th"]
[Site "Jyvaskyla"]
[Date "2019.07.19"]
[Round "7"]
[White "Ivanov, Sergei V"]
[Black "Paakkonen, Timo"]
[Result "1-0"]
[WhiteElo "2080"]
[BlackElo "2230"]
[PlyCount "169"]
[EventDate "2019.07.15"]
[EventType "swiss"]
[EventRounds "9"]
[EventCountry "FIN"]
[SourceTitle "EXT 2021"]
[Source "ChessBase"]
[SourceDate "2020.10.23"]
[SourceVersion "1"]
[SourceVersionDate "2020.10.23"]
[SourceQuality "1"]

1. e4 c5 2. Nf3 Nc6 3. d4 cxd4 4. Nxd4 Nf6 5. Nc3 d6 6. Bg5 e6 7. Qd2 a6 8. 0-0-0 Bd7 9. f4 b5 10. Bxf6 gxf6 11. Kb1 Qb6 12. Nxc6 Bxc6 13. f5 h5 14. Qe1 Qc5 15. Bd3 0-0-0 16. Rf1 Qe5 17. Qf2 Kb7 18. Ne2 Be7 19. Nd4 Bd7 20. Nb3 Ra8 21. Na5+ Kc7 22. Rc1 Qc5 23. Qf3 e5 24. Qe2 Qb6 25. b4 Bf8 26. c4 Kd8 27. a3 Bh6 28. Rc2 Ke7 29. Nb3 Bg5 30. c5 dxc5 31. Nxc5 Bc6 32. Nb3 h4 33. Rc5 Rad8 34. Qc2 Rd6 35. Na5 Ba8 36. Rc7+ Kf8 37. Rc8+ Kg7 38. Rxh8 Kxh8 39. Nb3 Kg7 40. Nc5 a5 41. Rf3 axb4 42. axb4 Rd4 43. Qc3 Qd8 44. Kb2 Qe7 45. Kb3 Bc6 46. g3 hxg3 47. Rxg3 Kf8 48. Rh3 Kg7 49. Qc2 Qa7 50. Qb1 Kf8 51. Qb2 Ke7 52. Qc3 Qa8 53. Rh7 Bf4 54. Kb2 Qg8 55. Rh4 Qg2+ 56. Qc2 Rxb4+ 57. Kc3 Qxc2+ 58. Kxc2 Be3 59. Nb3 Ra4 60. Rh8 Bf4 61. Nc5 Ra2+ 62. Kb3 Rf2 63. h4 Be3 64. Na6 Bd2 65. h5 Rh2 66. Rb8 Rxh5 67. Rb6 Be8 68. Nc7 Rh3 69. Nd5+ Kf8 70. Kc2 Ba5 71. Rb8 b4 72. Bb5 Rh2+ 73. Kb3 Rh3+ 74. Kc4 b3 75. Bxe8 b2 76. Ba4+ Kg7 77. Rxb2 Rg3 78. Bd1 Rg1 79. Bf3 Be1 80. Kc5 Bh4 81. Kd6 Ra1 82. Rb7 Bf2 83. Rc7 Ba7 84. Ke7 Ra5 85. Ke8 1-0

[Event "Heart of Finland op 29th"]
[Site "Jyvaskyla"]
[Date "2019.07.18"]
[Round "6"]
[White "Paakkonen, Timo"]
[Black "Aalto, Patrik"]
[Result "1/2-1/2"]
[WhiteElo "2230"]
[BlackElo "2069"]
[PlyCount "22"]
[EventDate "2019.07.15"]
[EventType "swiss"]
[EventRounds "9"]
[EventCountry "FIN"]
[SourceTitle "EXT 2021"]
[Source "ChessBase"]
[SourceDate "2020.10.23"]
[SourceVersion "1"]
[SourceVersionDate "2020.10.23"]
[SourceQuality "1"]

1. Nf3 d5 2. g3 c5 3. Bg2 g6 4. 0-0 Bg7 5. c4 Nf6 6. cxd5 Nxd5 7. d4 cxd4 8. Nxd4 Nc7 9. Nc2 0-0 10. Nc3 Nc6 11. Be3 Bf5 1/2-1/2

[Event "FIN-chT 1617"]
[Site "Finland"]
[Date "2016.10.09"]
[Round "4.4"]
[White "Kokkila, Tero"]
[Black "Paakkonen, Timo"]
[Result "1-0"]
[WhiteElo "2323"]
[BlackElo "2259"]
[PlyCount "83"]
[EventDate "2016.09.17"]
[EventType "team-tourn"]
[EventRounds "11"]
[EventCountry "FIN"]
[SourceTitle "EXT 2017"]
[Source "ChessBase"]
[SourceDate "2016.10.25"]
[SourceVersion "1"]
[SourceVersionDate "2016.10.25"]
[SourceQuality "1"]
[WhiteTeam "Vantaa EtVaS"]
[BlackTeam "Helsinki Velhot"]
[WhiteTeamCountry "FIN"]
[BlackTeamCountry "FIN"]

1. e4 c5 2. Nf3 d6 3. d4 cxd4 4. Nxd4 Nf6 5. Nc3 Nc6 6. Bg5 e6 7. Qd2 a6 8. 0-0-0 Bd7 9. f4 b5 10. Bxf6 gxf6 11. Kb1 Qb6 12. Nxc6 Bxc6 13. f5 h5 14. Qe1 0-0-0 15. Qh4 Be7 16. a3 a5 17. fxe6 fxe6 18. Qh3 Bd7 19. Bxb5 Bxb5 20. Nd5 Qb7 21. Qxe6+ Kb8 22. Qxe7 Qxe7 23. Nxe7 Rhe8 24. Rd5 Bd7 25. Nf5 Bc6 26. Rxa5 Bxe4 27. Ng3 Bg6 28. Rf1 h4 29. Nf5 Re4 30. Rf3 Re1+ 31. Ka2 Bf7+ 32. b3 Rc8 33. Kb2 Re2 34. Rb5+ Ka7 35. Nd4 Rd2 36. Rxf6 Rxd4 37. Rxf7+ Ka6 38. Rbb7 Rd2 39. Rbc7 Rg8 40. a4 Kb6 41. b4 Rg4 42. Kb3 1-0

[Event "FIN-chT 1617"]
[Site "Finland"]
[Date "2016.10.08"]
[Round "3.4"]
[White "Paakkonen, Timo"]
[Black "Pulkkinen, Kari"]
[Result "1/2-1/2"]
[WhiteElo "2259"]
[BlackElo "2229"]
[PlyCount "40"]
[EventDate "2016.09.17"]
[EventType "team-tourn"]
[EventRounds "11"]
[EventCountry "FIN"]
[SourceTitle "EXT 2017"]
[Source "ChessBase"]
[SourceDate "2016.10.25"]
[SourceVersion "1"]
[SourceVersionDate "2016.10.25"]
[SourceQuality "1"]
[WhiteTeam "Helsinki Velhot"]
[BlackTeam "Helsinki Aatos"]
[WhiteTeamCountry "FIN"]
[BlackTeamCountry "FIN"]

1. Nf3 c5 2. g3 b6 3. Bg2 Bb7 4. 0-0 Nf6 5. c4 g6 6. b3 Bg7 7. Bb2 0-0 8. e3 a6 9. Qe2 d6 10. Rd1 Nbd7 11. d3 b5 12. Nbd2 Rb8 13. d4 Ne4 14. Nxe4 Bxe4 15. dxc5 Bxb2 16. Qxb2 Nxc5 17. cxb5 axb5 18. Qd4 b4 19. Ng5 Bxg2 20. Kxg2 h6 1/2-1/2

[Event "Keres Memorial rap qual 24th"]
[Site "Tallinn"]
[Date "2015.01.09"]
[Round "2"]
[White "Paakkonen, Timo"]
[Black "Agrest, Evgenij"]
[Result "0-1"]
[WhiteElo "2247"]
[BlackElo "2590"]
[PlyCount "58"]
[EventDate "2015.01.09"]
[EventType "swiss (rapid)"]
[EventRounds "7"]
[EventCountry "EST"]
[SourceTitle "CBM 164 Extra"]
[Source "ChessBase"]
[SourceDate "2015.03.02"]
[SourceVersion "1"]
[SourceVersionDate "2015.03.02"]
[SourceQuality "1"]

1. e4 c6 2. d4 d5 3. e5 Bf5 4. Nf3 e6 5. Be2 Ne7 6. 0-0 Nc8 7. a3 Be7 8. Nbd2 0-0 9. c4 a5 10. Re1 Nd7 11. Nf1 Bg6 12. Be3 dxc4 13. Bxc4 Ncb6 14. Bd3 Nd5 15. Bxg6 fxg6 16. N1d2 g5 17. Ne4 h6 18. Rc1 Rb8 19. Nfd2 N7b6 20. Qg4 Qd7 21. Nc5 Bxc5 22. Rxc5 a4 23. Nc4 Nc8 24. Nd2 Nce7 25. Ne4 Nf5 26. Rc4 Ra8 27. Nc5 Qf7 28. Rc2 Nfxe3 29. fxe3 Nxe3 0-1

[Event "Mikkeli We MikkSK MikkSK 70"]
[Site "Mikkeli"]
[Date "2014.??.??"]
[Round "1"]
[White "Hallman, Valo"]
[Black "Paakkonen, Timo"]
[Result "1/2-1/2"]
[WhiteElo "1774"]
[BlackElo "2287"]
[PlyCount "91"]
[EventDate "2014.??.??"]
[EventType "swiss"]
[EventRounds "5"]
[EventCountry "FIN"]
[SourceTitle "EXT 2022"]
[Source "ChessBase"]
[SourceDate "2021.10.06"]
[SourceVersion "1"]
[SourceVersionDate "2021.10.06"]
[SourceQuality "1"]

1. c4 Nf6 2. g3 e5 3. Bg2 Nc6 4. Nc3 Bc5 5. e3 0-0 6. Nge2 d6 7. 0-0 a6 8. a3 Re8 9. b4 Ba7 10. d3 Bf5 11. e4 Bg4 12. Kh1 Nd4 13. f3 Bh5 14. Nxd4 Bxd4 15. Qc2 c6 16. Rb1 Rc8 17. h3 d5 18. c5 dxe4 19. dxe4 b6 20. Ne2 bxc5 21. bxc5 Rb8 22. Rxb8 Qxb8 23. Nxd4 exd4 24. Bf4 Qb5 25. g4 Bg6 26. Rb1 Qa5 27. Bd2 Qxa3 28. Qc4 Rd8 29. Qxd4 Rc8 30. Ra1 Qb3 31. Rxa6 Qb1+ 32. Kh2 h5 33. g5 Ne8 34. Rb6 Qa2 35. Qd7 Qa8 36. Qb7 Qxb7 37. Rxb7 f6 38. h4 Rd8 39. Bf4 f5 40. exf5 Bxf5 41. Bh3 Rd5 42. Rb8 Kf7 43. Rb7+ Ke6 44. Rb8 Kf7 45. Rb7+ Ke6 46. Rb8 1/2-1/2

[Event "Mikkeli We MikkSK MikkSK 70"]
[Site "Mikkeli"]
[Date "2014.??.??"]
[Round "2"]
[White "Paakkonen, Timo"]
[Black "Piho, Juha"]
[Result "1-0"]
[WhiteElo "2287"]
[BlackElo "1881"]
[PlyCount "49"]
[EventDate "2014.??.??"]
[EventType "swiss"]
[EventRounds "5"]
[EventCountry "FIN"]
[SourceTitle "EXT 2022"]
[Source "ChessBase"]
[SourceDate "2021.10.06"]
[SourceVersion "1"]
[SourceVersionDate "2021.10.06"]
[SourceQuality "1"]

1. e4 d5 2. exd5 Nf6 3. d4 c6 4. dxc6 Nxc6 5. c3 e5 6. Nf3 Bg4 7. Be2 e4 8. Ng5 Bxe2 9. Qxe2 Qe7 10. f3 0-0-0 11. Nxe4 Re8 12. 0-0 Nd5 13. Re1 Qd8 14. Qd1 h6 15. Re2 f5 16. Ng3 f4 17. Rxe8 Qxe8 18. Ne4 g5 19. c4 Ne3 20. Bxe3 fxe3 21. d5 Ne5 22. Qd4 g4 23. f4 Rg8 24. fxe5 e2 25. Nbc3 1-0